Guess the Country (Region Version) #6 - Statistics

General Stats
  • This quiz has been taken 18 times
  • The average score is 10 of 20
Answer Stats
Hint Administrative
Division
Answer % Correct
La Rioja Province Spain
88%
Hải Dương Province Vietnam
88%
Shandong Province China
81%
Walloon Brabant Province Belgium
75%
Somerset County United Kingdom
75%
Victoria State Australia
69%
Paphos District Cyprus
69%
Jeonbuk Province South Korea
69%
Tombouctou Region Mali
63%
Molise Region Italy
56%
O'Higgins Region Chile
44%
Karlovy Vary Region Czech Republic
44%
Limpopo Province South Africa
44%
Tataouine Governorate Tunisia
31%
Austurland Region Iceland
25%
La Massana Parish Andorra
19%
Kédougou Region Senegal
19%
Westmoreland Parish Jamaica
13%
Lunda Sul Province Angola
6%
Masvingo Province Zimbabwe
6%
No matching quizzes found
Score Distribution
Percent of People with Each Score
Percentile by Number Answered
Your Score History
You have not taken this quiz